Voices of modernity : language ideologies and the politics of inequality

Αποθηκεύτηκε σε:
Λεπτομέρειες βιβλιογραφικής εγγραφής
Κύριος συγγραφέας: Bauman, Richard
Άλλοι συγγραφείς: Briggs, Charles L. 1953-
Μορφή: Βιβλίο
Γλώσσα:English
Δημοσίευση: Cambridge : Cambridge University Press, 2003
Σειρά:Studies in the social and cultural foundations of language
Θέματα:
Ετικέτες: Προσθήκη ετικέτας
Δεν υπάρχουν, Καταχωρήστε ετικέτα πρώτοι!

MARC

LEADER 00000nam a2200000 i 4500
001 1/77781
008 050601s2003 eng d
020 |a 0-521-81069-8 (hbk) 
020 |a 0-521-00897-2 (pbk) 
035 |l 10078332 
040 |a GR-MY-UA  |b gre  |e aacr 
041 0 |a eng 
082 0 |a 306.44  |2 (22) 
100 1 |a Bauman, Richard. 
245 1 0 |a Voices of modernity :  |b language ideologies and the politics of inequality /  |c Richard Bauman, Charles L. Briggs 
260 |a Cambridge :   |b Cambridge University Press,   |c 2003 
300 |a xv, 356 σ.;  |c 23 εκ. 
490 1 |a Studies in the social culture foundations of language  |v ; 21 
504 |a Περιέχει βιβλιογραφικές παραπομπές και ευρετήριο 
650 0 0 |a Language and culture  |x History. 
700 1 |a Briggs, Charles L.  |d 1953- 
830 0 |a Studies in the social and cultural foundations of language 
852 |a INST  |b LESVOS  |e 20050601  |h 306.44 BAU  |p 005100032290  |q 005100032290  |t BK  |y 0 
901 |a BIBL1-2005-2 
909 |a Λ  |b 113522 
920 |a ΔΙΕΥΡΥΝΣΗ  |b ΕΠΕΑΕΚ-ΠΤΕ  |y ΛΕΣΒΟΣ  |z 2004-09 
970 |a ΜΑΡΙΝΑΤΟΥ  |b ΜΥΡΣΙΝΗ  |z 2005/06/01